1219 1179 1809 1822 1460 1237 1090 1129 1943 1985 1759 1080 1903 1577 1333 1787 1781 1348 1451 1674 1170 1835 1666 1985 1404 1482 1306 1988 1022 1308 1865 1909 1060 1235 1426 1421 1820 1857 1219 1094 1811 1786 1139 1325 1338 1518 1727 1850 1683 1297 1994 1705 1975 1299 1403 1818 1970 1330 1376 1270 1288 1919 1214 1802 1853 1005 1818 1660 1272 1986 1352 1890 1405 1431 1876 1497 1490 1177 1183 1602 1077 1882 1318 1686 1500 1266 1474 1174 1376 1661 1307 1414 1573 1503 1571 1792 1712 1544 1214 BCNSPRNW ULIB Ver.6.0+V

เปลี่ยนเป็นภาษาไทย

Change to English
 แสดงรายละเอียดบรรณานุกรม
  กลับหน้าหลัก

Brief Record : Get Marc (ISO 2709) : E-mail record : QR code < ปิดหน้าต่าง
LEADER : 00000nam a2200000Ia 4500
001    13399126040
003     ULIB
008    120312s2553 th 000 0 tha d
020    ^a9786167388113
040    ^abra
060 04 ^aWS100^bCL641
245 00 ^aClinical practice in pediatrics :^bupdate and innovation /^cบรรณาธิการ, วีระชัย วัฒนวีรเดช ... [และคนอื่น ๆ]
250    ^aพิมพ์ครั้งที่ 1
260    ^aกรุงเทพฯ :^bกองกุมารเวชกรรม โรงพยาบาลพระมงกุฏเกล้า,^c2553
300    ^a xiv, 490 หน้า :^bภาพประกอบ; ^c21 ซม.
500    ^aเอกสารประกอบการประชุมวิชาการ Clinical practice in pediatrics: update and innovation ครั้งที่ 11
650  4 ^aกุมารเวชศาสตร์
650  4 ^aเด็ก, โรค^xการวินิจฉัย^vการประชุม
650  4 ^aเด็ก^xโรค^xการวินิจฉัย^vการประชุม
650  4 ^aเด็ก, โรค^xการรักษา^vการประชุม
650  4 ^aเด็ก,^xโรค^xการรักษา^vการประชุม
700 0  ^aวีระชัย วัฒนวีรเดช,^eบรรณาธิการ
700 0  ^aโสรยา ชัชวาลานนท์,^eบรรณาธิการ
700 0  ^aประไพพิมพ์ ธีรคุปต์,^eบรรณาธิการ
700 0  ^aชลิดา เลาหพันธ์,^eบรรณาธิการ
710 2  ^aโรงพยาบาลพระมงกุฏเกล้า. ^bกองกุมารเวชกรรม
945    ^p400^l0^i25832
945    ^p400^l0^i25833
995    ^aกัณชพร
999    ^aกัณชพร
รายการนี้ยังไม่มีแท็ก
คุณยังไม่ได้ล็อกอิน คุณสามารถมีกิจกรรมร่วมกับเว็บไซต์ได้ แต่ต้องล็อกอินก่อน ::
  ล็อกอิน

รายการสื่อสารสนเทศ

ลำดับที่ ประเภท เลขเรียก/บาร์โค้ด สถานที่ สถานะ
1. หนังสือสำรอง
หนังสือสำรอง
WS100 CL641 ฉ.1 
  Barcode: 25832
ห้องสมุดวิทยาเขตนครสวรรค์
►ส่วนจัดเก็บหนังสือเก่า นว.
บนชั้น
  ขอยืม
2. วิทยาศาสตร์การแพทย์ และสุขภาพ
วิทยาศาสตร์การแพทย์ และสุขภาพ
WS100 CL641 ฉ.2 
  Barcode: 25833
ห้องสมุดวิทยาเขตนครสวรรค์
►ส่วนจัดเก็บหนังสือเก่า นว.
บนชั้น
  ขอยืม

รายการใกล้เคียง
    หัวเรื่อง [กุมารเวชศาสตร์]

BibComment


ยังไม่เคยถูกคอมเมนท์

คอมเมนท์ทรัพยากรรายการนี้
  คอมเมนท์: Clinical practic..


 Copyright 2026. Bcnsprnw @Library